00514nam a2200169Ia 4500003000900000008004100009040001600050080001600066100002300082245012500105260003200230300001000262490002800272650001200300650001900312650001300331IN-BaIIA211028s9999 xx 000 0 eng d cIIA Library a515.12bLIP aLipschutz, Seymour 0aSchaum's outline of theory and problems of general topologycSeymour Lipschutz  aNew YorkbMcGraw-Hillc1965 a296p. aSchaum's outline series aAlgebra aNASA thesaurus aTopology